书目信息 |
| 题名: |
橡胶成型工
|
|
| 作者: | 李秋生 编著 ;化学工业职业技能鉴定指导中心组织 编写 | |
| 分册: | 杂品 | |
| 出版信息: | 北京 化学工业出版社 2009.1 |
|
| 页数: | 225页 | |
| 开本: | 26cm | |
| 丛书名: | 国家职业资格证书培训教程 | |
| 单 册: | ||
| 中图分类: | TQ330.6 | |
| 科图分类: | ||
| 主题词: | 橡胶制品--成型--技术培训--教材 | |
| 电子资源: | ||
| ISBN: | 978-7-122-03786-2 | |
| 000 | 01252nam0 2200277 450 | |
| 001 | 1157662102 | |
| 005 | 20110716111425.70 | |
| 010 | @a978-7-122-03786-2@dCNY29.80 | |
| 100 | @a20090225d2009 y0chiy0120 ea | |
| 101 | 0 | @achi |
| 102 | @aCN@b110000 | |
| 105 | @ay z 000yy | |
| 106 | @ar | |
| 200 | 1 | @a橡胶成型工@AXiang Jiao Cheng Xing Gong@i杂品@f李秋生编著@g化学工业职业技能鉴定指导中心组织编写 |
| 210 | @a北京@c化学工业出版社@d2009.1 | |
| 215 | @a225页@d26cm | |
| 225 | 2 | @a国家职业资格证书培训教程@AGuo Jia Zhi Ye Zi Ge Zheng Shu Pei Xun Jiao Cheng@i橡胶加工系列 |
| 320 | @a有参考文献(196页)和附录(197-225页),主要附:橡胶成型工职业技能鉴定理论考试、模拟试卷(附答案)。 | |
| 330 | @a本书内容包括橡胶杂品、胶布制品、浇注型聚氢酯胶件、胶乳制品成型,是一本面向橡胶成型技术工人编写的培训用书。针对每种制品,本书介绍了基本知识、成型准备工艺、半成品部件工艺标准、成型工艺、设备使用、设备维护保养、安全操作及成型生产统计等方面的内容。 | |
| 586 | @a | |
| 606 | 0 | @a橡胶制品@x成型@x技术培训@j教材 |
| 690 | @aTQ330.6@v5 | |
| 701 | 0 | @a李秋生@ALi Qiu Sheng@4编著 |
| 712 | 02 | @a化学工业职业技能鉴定指导中心组织@AHua Xue Gong Ye Zhi Ye Ji Neng Jian Ding Zhi Dao Zhong Xin Zu Zhi@4编写 |
| 801 | 0 | @aCN@c20110610 |
| 905 | @dTQ330.6@eL230@f3 | |
| 橡胶成型工.杂品/李秋生编著/化学工业职业技能鉴定指导中心组织编写.-北京:化学工业出版社,2009.1 |
| 225页;26cm.-(国家职业资格证书培训教程.橡胶加工系列) |
| ISBN 978-7-122-03786-2:CNY29.80 |
| 本书内容包括橡胶杂品、胶布制品、浇注型聚氢酯胶件、胶乳制品成型,是一本面向橡胶成型技术工人编写的培训用书。针对每种制品,本书介绍了基本知识、成型准备工艺、半成品部件工艺标准、成型工艺、设备使用、设备维护保养、安全操作及成型生产统计等方面的内容。 |
| ● |
| 相关链接 |
|
|
|
正题名:橡胶成型工
索取号:TQ330.6/L230
 
预约/预借
| 序号 | 登录号 | 条形码 | 馆藏地/架位号 | 状态 | 备注 |
| 1 | 884636 | 208846365 | 自科库501/501自科库 39排1列5层/ [索取号:TQ330.6/L230] | 在馆 | |
| 2 | 884637 | 208846374 | 自科库501/501自科库 39排1列5层/ [索取号:TQ330.6/L230] | 在馆 | |
| 3 | 884638 | 208846383 | 期刊室512/501自科库 39排1列5层/ [索取号:TQ330.6/L230] | 在馆 |